| 000 | 00742nam a2200265Ka 4500 | ||
|---|---|---|---|
| 001 | 20401 | ||
| 003 | BD-RjUL | ||
| 005 | 20211209000548.0 | ||
| 008 | 140227s1821 -uk o 000 0 eng d | ||
| 035 | _a(OCoLC)ocn775401352 | ||
| 035 | _a(BD-RjUL)20463 | ||
| 040 |
_aOCLCE _beng _cOCLCE _dBD-RjUL |
||
| 041 | _aeng | ||
| 082 |
_a821.7 _bSHA 1821 |
||
| 100 | 1 |
_aShelley, Percy Bysshe, _d1792-1822. _962906 |
|
| 245 | 1 | 0 |
_aAdonais / _cby Shelley. |
| 260 |
_aLondon : _bUnversity Tutorial Press Ltd., _c1821. |
||
| 300 |
_a83 p. ; _c29 cm. |
||
| 600 | 1 | 0 |
_a, _962910 |
| 650 |
_aCriticism and interpretation _962908 |
||
| 700 |
_aWeekes A. R. _962909 |
||
| 776 | 1 |
_cOriginal _w(OCoLC)7233733 |
|
| 942 |
_2ddc _cBK |
||
| 999 |
_c20401 _d20401 |
||